000 01604nam a2200421 a 4500
008 131120s2013 Ag ||||| |||| 00| 0 spa d
020 _a9789500618885
041 _aspa
092 _c618.92
_l51
_sMEN
245 _aMeneghello. Pediatría.
_bT.2 /
_cEnrique París Mancilla
250 _a2a ed.
260 _aBuenos Aires:
_bEditorial Médica Panamericana;
_c2013.
300 _a1386-2830 p.
500 _aParís Mancilla, E. et al. (2013). Meneghello. Pediatría. T.2 (2a ed.). Buenos Aires : Editorial Médica Panamericana.
653 _aEnfermedades del aparato digestivo
653 _aEnfermedades del aparato urinario
653 _aEnfermedades de la sangre
653 _aOncologia
653 _aEnfermedades del sistema endocrino
653 _aFundamentos de genetica clinica en pediatria
653 _aEnfermedades metabolicas
653 _aEnfermedades del sistema nervioso
653 _aSalud mental y problemas psicosociales y psiquiatricos
653 _aOftalmologia pediatrica
653 _aEnfermedades de la piel
653 _aProblemas quirurgicos
653 _aProblemas ortopedicos frecuentes
653 _aRahabilitacion de enfermedades invalidantes de la infancia
653 _aEnfermedades no clasificadas
653 _aPerspectivas futuras
700 1 _aParís Mancilla, Enrique
_92845
700 1 _aSánchez D., Ignacio
_92846
700 1 _aBeltramino, Daniel
_92847
700 1 _aCopto García, Alfonso
_92848
700 1 _aBarreda M., Pedro
_eCoord. general
_92851
700 1 _aGrau Martínez, Arturo
_eCoord. general
_92852
942 _2ddc
_cBK
999 _c2065
_d2065